[Event "DVM U20w 2021"]
[Site "Kiel GER"]
[Date "2022.07.25"]
[Round "5"]
[White "Bangsa-Giesen, Citra"]
[Black "Falke, Ornella"]
[Result "1-0"]
[Termination "normal"]
[Board "4.1"]
[WhiteElo "1420"]
[BlackElo "1912"]
[WhiteClock "00:30:15"]
[BlackClock "00:18:28"]
[WhiteTeam "SK Kelheim 1920"]
[BlackTeam "Elmshorner SC von 1896"]
[PlyCount "95"]
[WhiteFideId "34605274"]
[BlackFideId "16207092"]
[EventCountry "GER"]
[EventRounds "7"]
[EventType "team-swiss"]
[EventDate "2022.07.22"]

1. e4 {[%clk 01:30:58]} {[%emt 00:00:02]} c5 {[%clk 01:30:44]} {[%emt
00:00:16]} 2. Nf3 {[%clk 01:31:12]} {[%emt 00:00:16]} d6 {[%clk 01:31:04]}
{[%emt 00:00:11]} 3. Bb5+ {[%clk 01:31:31]} {[%emt 00:00:10]} Nd7 {[%clk
01:31:22]} {[%emt 00:00:12]} 4. O-O {[%clk 01:31:49]} {[%emt 00:00:12]} a6
{[%clk 01:30:34]} {[%emt 00:01:17]} 5. Bd3 {[%clk 01:32:15]} {[%emt 00:00:05]}
Ngf6 {[%clk 01:30:42]} {[%emt 00:00:22]} 6. c3 {[%clk 01:32:30]} {[%emt
00:00:14]} g6 {[%clk 01:26:56]} {[%emt 00:04:17]} 7. Bc2 {[%clk 01:32:33]}
{[%emt 00:00:27]} Bg7 {[%clk 01:25:05]} {[%emt 00:02:21]} 8. d3 {[%clk
01:32:14]} {[%emt 00:00:49]} b5 {[%clk 01:24:15]} {[%emt 00:01:19]} 9. Re1
{[%clk 01:31:31]} {[%emt 00:01:13]} O-O {[%clk 01:23:56]} {[%emt 00:00:49]} 10.
Nbd2 {[%clk 01:31:28]} {[%emt 00:00:33]} Bb7 {[%clk 01:22:42]} {[%emt
00:01:44]} 11. Nf1 {[%clk 01:31:22]} {[%emt 00:00:36]} Rc8 {[%clk 01:21:54]}
{[%emt 00:01:18]} 12. Ng3 {[%clk 01:31:31]} {[%emt 00:00:22]} Qc7 {[%clk
01:21:43]} {[%emt 00:00:40]} 13. b3 {[%clk 01:23:57]} {[%emt 00:08:05]} b4
{[%clk 01:19:55]} {[%emt 00:02:18]} 14. Bb2 {[%clk 01:23:03]} {[%emt 00:01:24]}
a5 {[%clk 01:12:28]} {[%emt 00:07:57]} 15. Rc1 {[%emt 00:00:42]} e5 {[%clk
01:05:32]} {[%emt 00:07:24]} 16. Bb1 {[%clk 01:18:51]} {[%emt 00:04:32]} Qd8
{[%clk 01:02:00]} {[%emt 00:04:02]} 17. d4 {[%clk 01:15:29]} {[%emt 00:03:52]}
bxc3 {[%clk 01:01:55]} {[%emt 00:00:35]} 18. Bxc3 {[%clk 01:10:54]} {[%emt
00:05:05]} exd4 {[%clk 01:01:41]} {[%emt 00:00:44]} 19. Bd2 {[%clk 01:10:32]}
{[%emt 00:00:52]} Re8 {[%clk 01:01:31]} {[%emt 00:00:41]} 20. Bf4 {[%clk
01:08:40]} {[%emt 00:02:22]} Ne5 {[%clk 01:01:24]} {[%emt 00:00:36]} 21. Nd2
{[%clk 01:03:04]} {[%emt 00:06:05]} Ba6 {[%clk 01:00:24]} {[%emt 00:01:31]} 22.
Bxe5 {[%emt 00:11:03]} dxe5 {[%clk 00:59:06]} {[%emt 00:01:46]} 23. Nc4 {[%clk
00:52:54]} {[%emt 00:00:09]} h5 {[%clk 00:51:20]} {[%emt 00:08:15]} 24. Bd3
{[%clk 00:47:51]} {[%emt 00:05:33]} Bh6 {[%clk 00:50:06]} {[%emt 00:01:45]} 25.
Rc2 {[%clk 00:46:26]} {[%emt 00:01:54]} h4 {[%clk 00:49:57]} {[%emt 00:00:39]}
26. Nf1 {[%clk 00:46:34]} {[%emt 00:00:23]} Kg7 {[%clk 00:46:13]} {[%emt
00:04:14]} 27. Nfd2 {[%clk 00:43:47]} {[%emt 00:03:16]} Rc6 {[%clk 00:41:45]}
{[%emt 00:04:59]} 28. Nf3 {[%clk 00:37:01]} {[%emt 00:07:16]} Bxc4 {[%clk
00:37:55]} {[%emt 00:04:19]} 29. Bxc4 {[%clk 00:35:40]} {[%emt 00:01:52]} Nh5
{[%clk 00:36:00]} {[%emt 00:02:25]} 30. Bb5 {[%clk 00:34:01]} {[%emt 00:02:09]}
Qd6 {[%clk 00:34:26]} {[%emt 00:02:05]} 31. Nxh4 {[%clk 00:29:18]} {[%emt
00:05:13]} Rh8 {[%clk 00:33:36]} {[%emt 00:01:20]} 32. Bxc6 {[%clk 00:25:51]}
{[%emt 00:03:57]} Qxc6 {[%clk 00:34:03]} {[%emt 00:00:03]} 33. g3 {[%clk
00:25:44]} {[%emt 00:00:38]} Bg5 {[%clk 00:32:14]} {[%emt 00:02:18]} 34. Nf3
{[%clk 00:24:36]} {[%emt 00:01:38]} Qf6 {[%clk 00:30:34]} {[%emt 00:02:11]} 35.
Rxc5 {[%clk 00:22:01]} {[%emt 00:03:05]} Re8 {[%clk 00:28:50]} {[%emt
00:02:14]} 36. Nxg5 {[%clk 00:22:18]} {[%emt 00:00:13]} Qxg5 {[%clk 00:29:15]}
{[%emt 00:00:05]} 37. Qxd4 {[%clk 00:20:33]} {[%emt 00:02:15]} Nf4 {[%clk
00:27:47]} {[%emt 00:01:58]} 38. Qe3 {[%clk 00:14:40]} {[%emt 00:06:23]} Nh3+
{[%clk 00:26:02]} {[%emt 00:02:15]} 39. Kg2 {[%clk 00:13:25]} {[%emt 00:01:45]}
Qh5 {[%clk 00:26:23]} {[%emt 00:00:08]} 40. Qf3 {[%clk 00:12:03]} {[%emt
00:01:51]} Qh6 {[%clk 00:26:33]} {[%emt 00:00:20]} 41. Qg4 {[%clk 00:11:22]}
{[%emt 00:01:12]} Ng5 {[%clk 00:25:22]} {[%emt 00:01:41]} 42. f4 {[%clk
00:10:17]} {[%emt 00:01:34]} Nxe4 {[%clk 00:23:30]} {[%emt 00:02:22]} 43. Rxe5
{[%clk 00:06:35]} {[%emt 00:04:12]} f5 {[%clk 00:20:43]} {[%emt 00:03:18]} 44.
Qd1 {[%clk 00:04:02]} {[%emt 00:03:03]} Rxe5 {[%clk 00:18:22]} {[%emt
00:02:51]} 45. fxe5 {[%clk 00:04:08]} {[%emt 00:00:24]} Qg5 {[%clk 00:18:21]}
{[%emt 00:00:31]} 46. Qd7+ {[%clk 00:02:14]} {[%emt 00:02:24]} Kh6 {[%clk
00:18:28]} {[%emt 00:00:24]} 47. e6 {[%clk 00:00:33]} {[%emt 00:02:12]} Nf6
{[%clk 00:18:28]} {[%emt 00:00:29]} 48. Qd8 {[%clk 00:30:15]} {[%emt 00:00:48]}
1-0

[Event "DVM U20w 2021"]
[Site "Kiel GER"]
[Date "2022.07.25"]
[Round "6"]
[White "Peglau, Dora"]
[Black "Müdder, Melanie"]
[Result "1/2-1/2"]
[Termination "normal"]
[Board "1.1"]
[WhiteElo "1920"]
[BlackElo "1865"]
[WhiteClock "00:03:04"]
[BlackClock "00:02:22"]
[WhiteTeam "Schachzentrum Seeblick e. V."]
[BlackTeam "Schachgesellschaft Solingen e. V."]
[PlyCount "47"]
[WhiteFideId "16220005"]
[BlackFideId "12994103"]
[EventCountry "GER"]
[EventRounds "7"]
[EventType "team-swiss"]
[EventDate "2022.07.22"]

1. c4 {[%clk 01:30:53]} {[%emt 00:00:06]} e5 {[%clk 01:30:50]} {[%emt
00:00:11]} 2. Nc3 {[%clk 01:31:11]} {[%emt 00:00:12]} Nc6 {[%clk 01:30:32]}
{[%emt 00:00:49]} 3. g3 {[%clk 01:30:56]} {[%emt 00:00:45]} Bc5 {[%clk
01:30:43]} {[%emt 00:00:18]} 4. Bg2 {[%clk 01:29:40]} {[%emt 00:01:46]} d6
{[%clk 01:30:22]} {[%emt 00:00:51]} 5. e3 {[%clk 01:27:46]} {[%emt 00:02:24]}
a6 {[%clk 01:30:29]} {[%emt 00:00:22]} 6. Nge2 {[%clk 01:27:08]} {[%emt
00:01:08]} Ba7 {[%clk 01:30:10]} {[%emt 00:00:49]} 7. O-O {[%clk 01:23:11]}
{[%emt 00:04:28]} h5 {[%clk 01:26:19]} {[%emt 00:04:20]} 8. d4 {[%clk
01:16:40]} {[%emt 00:07:01]} h4 {[%clk 01:20:37]} {[%emt 00:06:12]} 9. f4
{[%clk 01:01:33]} {[%emt 00:15:38]} hxg3 {[%clk 01:02:46]} {[%emt 00:18:21]}
10. hxg3 {[%clk 01:01:24]} {[%emt 00:00:38]} Nh6 {[%clk 00:52:10]} {[%emt
00:11:06]} 11. dxe5 {[%clk 00:54:51]} {[%emt 00:07:03]} Nf5 {[%clk 00:46:43]}
{[%emt 00:05:57]} 12. Kf2 {[%clk 00:47:25]} {[%emt 00:07:57]} Nh6 {[%clk
00:35:36]} {[%emt 00:11:36]} 13. Bf3 {[%clk 00:31:50]} {[%emt 00:16:05]} Bg4
{[%clk 00:22:31]} {[%emt 00:13:35]} 14. exd6 {[%clk 00:29:47]} {[%emt
00:02:33]} cxd6 {[%clk 00:17:36]} {[%emt 00:05:26]} 15. Ne4 {[%clk 00:25:57]}
{[%emt 00:04:20]} O-O {[%clk 00:16:04]} {[%emt 00:02:01]} 16. Rh1 {[%clk
00:20:58]} {[%emt 00:05:29]} Bxf3 {[%clk 00:13:19]} {[%emt 00:03:15]} 17. Kxf3
{[%clk 00:21:24]} {[%emt 00:00:05]} Re8 {[%clk 00:08:27]} {[%emt 00:05:22]} 18.
Qxd6 {[%clk 00:16:51]} {[%emt 00:05:02]} f5 {[%clk 00:05:11]} {[%emt 00:03:47]}
19. Nf6+ {[%clk 00:12:51]} {[%emt 00:04:30]} gxf6 {[%clk 00:03:31]} {[%emt
00:02:10]} 20. Qxd8 {[%clk 00:13:17]} {[%emt 00:00:04]} Raxd8 {[%clk 00:03:55]}
{[%emt 00:00:05]} 21. Rxh6 {[%clk 00:13:41]} {[%emt 00:00:06]} Kg7 {[%clk
00:04:17]} {[%emt 00:00:08]} 22. Rh1 {[%clk 00:13:10]} {[%emt 00:01:01]} Rd3
{[%clk 00:04:23]} {[%emt 00:00:25]} 23. Nc3 {[%clk 00:07:29]} {[%emt 00:06:11]}
Bxe3 {[%clk 00:02:22]} {[%emt 00:02:30]} 24. Rd1 {[%clk 00:03:04]} {[%emt
00:04:54]} 1/2-1/2

[Event "DVM U20w 2021"]
[Site "Kiel GER"]
[Date "2022.07.25"]
[Round "6"]
[White "Falke, Ornella"]
[Black "Hrebenshchykova, Yelyzaveta"]
[Result "1/2-1/2"]
[Termination "normal"]
[Board "2.1"]
[WhiteElo "1912"]
[BlackElo "2088"]
[WhiteClock "00:16:28"]
[BlackClock "00:15:31"]
[WhiteTeam "Elmshorner SC von 1896"]
[BlackTeam "SC Noris-Tarrasch Nürnberg 1873 e.V."]
[PlyCount "96"]
[WhiteFideId "16207092"]
[BlackFideId "14159899"]
[EventCountry "GER"]
[EventRounds "7"]
[EventType "team-swiss"]
[EventDate "2022.07.22"]

1. e4 {[%clk 01:30:57]} {[%emt 00:00:02]} c5 {[%clk 01:30:21]} {[%emt
00:00:39]} 2. Nf3 {[%clk 01:31:11]} {[%emt 00:00:16]} e6 {[%clk 01:30:45]}
{[%emt 00:00:05]} 3. d4 {[%clk 01:31:25]} {[%emt 00:00:17]} cxd4 {[%clk
01:31:10]} {[%emt 00:00:05]} 4. Nxd4 {[%clk 01:31:46]} {[%emt 00:00:09]} Nc6
{[%clk 01:31:33]} {[%emt 00:00:07]} 5. Nc3 {[%clk 01:31:57]} {[%emt 00:00:20]}
Qc7 {[%clk 01:31:49]} {[%emt 00:00:14]} 6. Be3 {[%clk 01:32:01]} {[%emt
00:00:24]} a6 {[%clk 01:29:09]} {[%emt 00:03:11]} 7. a3 {[%clk 01:31:50]}
{[%emt 00:00:41]} Nf6 {[%clk 01:28:47]} {[%emt 00:00:53]} 8. f4 {[%clk
01:31:04]} {[%emt 00:01:16]} Nxd4 {[%clk 01:07:37]} {[%emt 00:21:40]} 9. Qxd4
{[%clk 01:28:07]} {[%emt 00:03:27]} Ng4 {[%clk 01:07:48]} {[%emt 00:00:19]} 10.
Qb6 {[%clk 01:23:03]} {[%emt 00:05:34]} Bd6 {[%clk 00:59:45]} {[%emt 00:08:33]}
11. Qxc7 {[%clk 01:09:56]} {[%emt 00:13:37]} Bxc7 {[%clk 01:00:10]} {[%emt
00:00:05]} 12. Bd2 {[%clk 01:10:15]} {[%emt 00:00:11]} Bb6 {[%clk 00:55:35]}
{[%emt 00:05:05]} 13. Nd1 {[%clk 01:09:21]} {[%emt 00:01:24]} d6 {[%clk
00:52:47]} {[%emt 00:03:18]} 14. Be2 {[%clk 00:56:56]} {[%emt 00:12:55]} h5
{[%clk 00:46:21]} {[%emt 00:06:56]} 15. Bf3 {[%clk 00:55:34]} {[%emt 00:01:53]}
e5 {[%clk 00:41:21]} {[%emt 00:05:29]} 16. h3 {[%clk 00:51:56]} {[%emt
00:04:08]} Nf6 {[%clk 00:40:38]} {[%emt 00:01:13]} 17. Ne3 {[%clk 00:51:58]}
{[%emt 00:00:28]} Be6 {[%clk 00:25:17]} {[%emt 00:15:50]} 18. f5 {[%clk
00:48:59]} {[%emt 00:03:29]} Bxe3 {[%clk 00:25:22]} {[%emt 00:00:25]} 19. Bxe3
{[%clk 00:49:08]} {[%emt 00:00:21]} Bc4 {[%clk 00:25:47]} {[%emt 00:00:05]} 20.
Rd1 {[%clk 00:41:37]} {[%emt 00:08:01]} d5 {[%clk 00:20:51]} {[%emt 00:05:26]}
21. exd5 {[%clk 00:36:57]} {[%emt 00:05:10]} e4 {[%clk 00:21:16]} {[%emt
00:00:05]} 22. Be2 {[%clk 00:35:50]} {[%emt 00:01:37]} Bxd5 {[%clk 00:20:38]}
{[%emt 00:01:08]} 23. c4 {[%clk 00:34:55]} {[%emt 00:01:26]} Bc6 {[%clk
00:21:00]} {[%emt 00:00:08]} 24. O-O {[%clk 00:32:46]} {[%emt 00:02:38]} h4
{[%clk 00:19:09]} {[%emt 00:02:21]} 25. Rd6 {[%clk 00:30:38]} {[%emt 00:02:38]}
Nh5 {[%clk 00:18:21]} {[%emt 00:01:18]} 26. Bxh5 {[%clk 00:27:13]} {[%emt
00:03:55]} Rxh5 {[%clk 00:18:46]} {[%emt 00:00:05]} 27. f6 {[%clk 00:22:52]}
{[%emt 00:04:52]} gxf6 {[%clk 00:19:02]} {[%emt 00:00:14]} 28. Rdxf6 {[%clk
00:23:04]} {[%emt 00:00:18]} Rh7 {[%clk 00:19:05]} {[%emt 00:00:27]} 29. Bb6
{[%clk 00:20:21]} {[%emt 00:03:13]} Rc8 {[%clk 00:14:56]} {[%emt 00:04:38]} 30.
R1f5 {[%clk 00:14:24]} {[%emt 00:06:27]} Rg7 {[%clk 00:14:14]} {[%emt
00:01:12]} 31. Re5+ {[%clk 00:11:02]} {[%emt 00:03:52]} Kd7 {[%clk 00:10:31]}
{[%emt 00:04:14]} 32. Ref5 {[%clk 00:09:35]} {[%emt 00:01:57]} Ke8 {[%clk
00:09:22]} {[%emt 00:01:38]} 33. Rf2 {[%clk 00:07:17]} {[%emt 00:02:48]} Bd7
{[%clk 00:08:13]} {[%emt 00:01:39]} 34. c5 {[%clk 00:05:08]} {[%emt 00:02:40]}
Bxh3 {[%clk 00:07:07]} {[%emt 00:01:36]} 35. R6f4 {[%clk 00:05:21]} {[%emt
00:00:17]} Be6 {[%clk 00:06:32]} {[%emt 00:01:05]} 36. Rxh4 {[%clk 00:05:20]}
{[%emt 00:00:31]} f5 {[%clk 00:06:29]} {[%emt 00:00:33]} 37. Rh8+ {[%clk
00:03:47]} {[%emt 00:02:03]} Ke7 {[%clk 00:05:30]} {[%emt 00:01:30]} 38. Rxc8
{[%clk 00:04:08]} {[%emt 00:00:09]} Bxc8 {[%clk 00:05:56]} {[%emt 00:00:04]}
39. Bc7 {[%clk 00:03:37]} {[%emt 00:01:01]} Ke6 {[%clk 00:04:50]} {[%emt
00:01:36]} 40. Bd6 {[%clk 00:03:19]} {[%emt 00:00:48]} Bd7 {[%clk 00:04:30]}
{[%emt 00:00:50]} 41. Rd2 {[%clk 00:02:25]} {[%emt 00:01:25]} Bb5 {[%clk
00:02:36]} {[%emt 00:02:24]} 42. Kf2 {[%clk 00:29:32]} {[%emt 00:03:23]} Rh7
{[%clk 00:25:32]} {[%emt 00:07:34]} 43. Rd1 {[%emt 00:05:42]} Bd3 {[%clk
00:24:40]} 44. Ke3 {[%clk 00:25:01]} {[%emt 00:01:10]} Kd5 {[%clk 00:23:24]}
{[%emt 00:01:46]} 45. Kf4 {[%clk 00:17:01]} {[%emt 00:08:28]} Rh5 {[%clk
00:17:12]} {[%emt 00:06:43]} 46. Rc1 {[%clk 00:16:35]} {[%emt 00:00:56]} Rh2
{[%clk 00:16:45]} {[%emt 00:00:57]} 47. Rg1 {[%clk 00:16:42]} {[%emt 00:00:23]}
Ke6 {[%clk 00:15:17]} {[%emt 00:01:58]} 48. Ke3 {[%clk 00:16:28]} {[%emt
00:00:44]} Rh4 {[%clk 00:15:31]} {[%emt 00:00:16]} 1/2-1/2

[Event "DVM U20w 2021"]
[Site "Kiel GER"]
[Date "2022.07.25"]
[Round "6"]
[White "Tabakh, Tassnim"]
[Black "Browning, Rebecca"]
[Result "0-1"]
[Termination "normal"]
[Board "3.1"]
[WhiteElo "1241"]
[BlackElo "1938"]
[WhiteClock "00:57:51"]
[BlackClock "01:23:20"]
[WhiteTeam "SV Bad Oldesloe"]
[BlackTeam "SK Nordhorn-Blanke"]
[PlyCount "74"]
[WhiteFideId "16274040"]
[BlackFideId "12984027"]
[EventCountry "GER"]
[EventRounds "7"]
[EventType "team-swiss"]
[EventDate "2022.07.22"]

1. Nf3 {[%clk 01:30:57]} {[%emt 00:00:02]} d5 {[%clk 01:30:54]} {[%emt
00:00:06]} 2. d4 {[%clk 01:31:22]} {[%emt 00:00:06]} Nf6 {[%clk 01:31:19]}
{[%emt 00:00:05]} 3. Bg5 {[%clk 01:31:36]} {[%emt 00:00:16]} h6 {[%clk
01:31:35]} {[%emt 00:00:14]} 4. Bxf6 {[%clk 01:31:54]} {[%emt 00:00:12]} exf6
{[%clk 01:32:00]} {[%emt 00:00:05]} 5. e3 {[%clk 01:29:49]} {[%emt 00:02:35]}
Bd6 {[%clk 01:30:59]} {[%emt 00:01:31]} 6. h3 {[%clk 01:28:15]} {[%emt
00:02:03]} O-O {[%clk 01:30:41]} {[%emt 00:00:49]} 7. Bd3 {[%clk 01:26:22]}
{[%emt 00:02:22]} Nd7 {[%clk 01:29:27]} {[%emt 00:01:44]} 8. c4 {[%clk
01:22:40]} {[%emt 00:04:13]} dxc4 {[%clk 01:29:30]} {[%emt 00:00:28]} 9. Bxc4
{[%clk 01:22:55]} {[%emt 00:00:15]} c5 {[%clk 01:29:37]} {[%emt 00:00:22]} 10.
O-O {[%clk 01:22:03]} {[%emt 00:01:23]} cxd4 {[%clk 01:29:19]} {[%emt
00:00:47]} 11. exd4 {[%clk 01:21:30]} {[%emt 00:01:04]} Nb6 {[%clk 01:27:10]}
{[%emt 00:02:38]} 12. b3 {[%clk 01:20:32]} {[%emt 00:01:29]} Bf5 {[%clk
01:24:55]} {[%emt 00:02:44]} 13. Nc3 {[%clk 01:17:31]} {[%emt 00:03:31]} Rc8
{[%clk 01:24:35]} {[%emt 00:00:49]} 14. Nb5 {[%clk 01:13:17]} {[%emt 00:04:44]}
Nxc4 {[%clk 01:24:37]} {[%emt 00:00:28]} 15. bxc4 {[%clk 01:12:42]} {[%emt
00:01:06]} Rxc4 {[%clk 01:24:56]} {[%emt 00:00:11]} 16. Nh4 {[%clk 01:08:24]}
{[%emt 00:04:47]} Bh7 {[%clk 01:24:06]} {[%emt 00:01:21]} 17. Qb3 {[%clk
01:06:06]} {[%emt 00:02:48]} Rb4 {[%clk 01:24:17]} {[%emt 00:00:18]} 18. Qa3
{[%clk 01:05:12]} {[%emt 00:01:26]} Rxb5 {[%clk 01:24:36]} {[%emt 00:00:10]}
19. Qxa7 {[%clk 01:04:26]} {[%emt 00:01:16]} Qa5 {[%clk 01:23:08]} {[%emt
00:01:58]} 20. Qxa5 {[%clk 01:04:38]} {[%emt 00:00:18]} Rxa5 {[%clk 01:23:34]}
{[%emt 00:00:04]} 21. Rfe1 {[%clk 01:04:10]} {[%emt 00:00:59]} Ra4 {[%clk
01:23:11]} {[%emt 00:00:53]} 22. Red1 {[%clk 01:03:19]} {[%emt 00:01:20]} Be4
{[%clk 01:23:05]} {[%emt 00:00:36]} 23. g3 {[%clk 01:02:38]} {[%emt 00:01:11]}
Rfa8 {[%clk 01:23:22]} {[%emt 00:00:12]} 24. Rd2 {[%clk 01:01:21]} {[%emt
00:01:47]} g6 {[%clk 01:23:24]} {[%emt 00:00:29]} 25. d5 {[%emt 00:00:51]} g5
{[%clk 01:22:31]} {[%emt 00:01:20]} 26. Ng2 {[%clk 01:01:02]} {[%emt 00:00:30]}
Be5 {[%clk 01:22:04]} {[%emt 00:00:57]} 27. Rc1 {[%clk 01:00:18]} {[%emt
00:01:13]} Rxa2 {[%clk 01:21:54]} {[%emt 00:00:41]} 28. Rxa2 {[%clk 01:00:11]}
{[%emt 00:00:37]} Rxa2 {[%clk 01:22:19]} {[%emt 00:00:05]} 29. Rd1 {[%clk
01:00:14]} {[%emt 00:00:27]} Ra1 {[%clk 01:21:00]} {[%emt 00:01:49]} 30. Rxa1
{[%clk 01:00:09]} {[%emt 00:00:35]} Bxa1 {[%clk 01:21:28]} {[%emt 00:00:02]}
31. d6 {[%clk 01:00:09]} {[%emt 00:00:30]} Kf8 {[%clk 01:21:54]} {[%emt
00:00:04]} 32. Ne3 {[%clk 01:00:11]} {[%emt 00:00:28]} Bd4 {[%clk 01:21:57]}
{[%emt 00:00:27]} 33. Ng4 {[%clk 00:59:51]} {[%emt 00:00:50]} h5 {[%clk
01:22:18]} {[%emt 00:00:10]} 34. Nh6 {[%clk 00:59:16]} {[%emt 00:01:06]} Kg7
{[%clk 01:22:16]} {[%emt 00:00:31]} 35. Nxf7 {[%clk 00:58:09]} {[%emt
00:01:37]} Kxf7 {[%clk 01:22:40]} {[%emt 00:00:07]} 36. Kf1 {[%clk 00:57:42]}
{[%emt 00:00:57]} Bf3 {[%clk 01:22:55]} {[%emt 00:00:15]} 37. Ke1 {[%clk
00:57:51]} {[%emt 00:00:21]} Bc3+ {[%clk 01:23:20]} {[%emt 00:00:05]} 0-1

[Event "DVM U20w 2021"]
[Site "Kiel GER"]
[Date "2022.07.25"]
[Round "6"]
[White "Bangsa-Giesen, Citra"]
[Black "Sickmann, Lisa"]
[Result "0-1"]
[Termination "normal"]
[Board "4.1"]
[WhiteElo "1420"]
[BlackElo "1672"]
[WhiteClock "00:22:52"]
[BlackClock "00:58:38"]
[WhiteTeam "SK Kelheim 1920"]
[BlackTeam "SK Doppelbauer Kiel"]
[PlyCount "104"]
[WhiteFideId "34605274"]
[BlackFideId "16267818"]
[EventCountry "GER"]
[EventRounds "7"]
[EventType "team-swiss"]
[EventDate "2022.07.22"]

1. e4 {[%clk 01:30:58]} e5 {[%clk 01:30:52]} {[%emt 00:00:08]} 2. Nf3 {[%clk
01:31:22]} {[%emt 00:00:06]} Nc6 {[%clk 01:31:16]} {[%emt 00:00:06]} 3. Bc4
{[%clk 01:31:48]} {[%emt 00:00:04]} Bc5 {[%clk 01:31:41]} {[%emt 00:00:05]} 4.
d3 {[%clk 01:31:54]} {[%emt 00:00:24]} Nf6 {[%clk 01:31:57]} {[%emt 00:00:14]}
5. O-O {[%clk 01:30:32]} {[%emt 00:01:52]} d6 {[%clk 01:31:51]} {[%emt
00:00:36]} 6. Be3 {[%clk 01:29:06]} {[%emt 00:01:57]} Bb6 {[%clk 01:32:10]}
{[%emt 00:00:10]} 7. c3 {[%clk 01:25:13]} {[%emt 00:04:23]} O-O {[%clk
01:32:22]} {[%emt 00:00:18]} 8. Bxb6 {[%clk 01:21:35]} {[%emt 00:04:08]} axb6
{[%clk 01:32:44]} {[%emt 00:00:09]} 9. Bb3 {[%clk 01:21:58]} {[%emt 00:00:07]}
Be6 {[%clk 01:32:55]} {[%emt 00:00:18]} 10. Nbd2 {[%clk 01:20:29]} {[%emt
00:01:59]} Bxb3 {[%clk 01:29:55]} {[%emt 00:03:31]} 11. Qxb3 {[%clk 01:18:54]}
{[%emt 00:02:05]} Re8 {[%clk 01:24:19]} {[%emt 00:06:06]} 12. Rfe1 {[%clk
01:18:12]} {[%emt 00:01:12]} d5 {[%clk 01:23:00]} {[%emt 00:01:50]} 13. Qc2
{[%clk 01:15:27]} {[%emt 00:03:15]} Qd6 {[%clk 01:20:59]} {[%emt 00:02:31]} 14.
a3 {[%clk 01:12:34]} {[%emt 00:03:23]} b5 {[%clk 01:18:07]} {[%emt 00:03:22]}
15. h3 {[%clk 01:10:32]} {[%emt 00:02:31]} Qc5 {[%clk 01:12:15]} {[%emt
00:06:21]} 16. Rad1 {[%clk 01:01:01]} {[%emt 00:10:01]} Rad8 {[%clk 01:05:35]}
{[%emt 00:07:10]} 17. exd5 {[%clk 00:53:52]} {[%emt 00:07:41]} Qxd5 {[%clk
01:04:58]} {[%emt 00:01:07]} 18. Ne4 {[%clk 00:51:20]} {[%emt 00:03:02]} Nxe4
{[%clk 01:04:40]} {[%emt 00:00:48]} 19. dxe4 {[%clk 00:50:58]} {[%emt
00:00:52]} Qc4 {[%clk 01:04:33]} {[%emt 00:00:37]} 20. g3 {[%clk 00:46:25]}
{[%emt 00:05:03]} g6 {[%clk 01:02:11]} {[%emt 00:02:52]} 21. Kg2 {[%clk
00:45:48]} {[%emt 00:01:06]} Nd4 {[%clk 00:56:22]} {[%emt 00:06:19]} 22. Qc1
{[%clk 00:39:36]} {[%emt 00:06:42]} Nb3 {[%clk 00:51:27]} {[%emt 00:05:24]} 23.
Qe3 {[%clk 00:37:10]} {[%emt 00:02:57]} f6 {[%clk 00:49:55]} {[%emt 00:02:03]}
24. Nd2 {[%clk 00:34:21]} {[%emt 00:03:18]} Qe6 {[%clk 00:46:08]} {[%emt
00:04:16]} 25. Nxb3 {[%clk 00:32:42]} {[%emt 00:02:09]} Qxb3 {[%clk 00:46:19]}
{[%emt 00:00:19]} 26. Rd2 {[%clk 00:32:49]} {[%emt 00:00:24]} Rd6 {[%clk
00:45:34]} {[%emt 00:01:14]} 27. Rxd6 {[%clk 00:29:58]} {[%emt 00:03:21]} cxd6
{[%clk 00:45:49]} {[%emt 00:00:15]} 28. Qd2 {[%clk 00:30:15]} {[%emt 00:00:13]}
Rd8 {[%clk 00:44:31]} {[%emt 00:01:48]} 29. Rd1 {[%clk 00:29:46]} {[%emt
00:01:00]} Kg7 {[%clk 00:42:23]} {[%emt 00:02:37]} 30. Qd5 {[%clk 00:20:41]}
{[%emt 00:09:35]} Qxb2 {[%clk 00:36:16]} {[%emt 00:06:36]} 31. Qxb7+ {[%clk
00:21:02]} {[%emt 00:00:09]} Kh6 {[%clk 00:35:39]} {[%emt 00:01:07]} 32. Qe7
{[%clk 00:19:32]} {[%emt 00:02:00]} Qe2 {[%clk 00:33:17]} {[%emt 00:02:51]} 33.
Qxd8 {[%clk 00:18:32]} {[%emt 00:01:30]} Qxd1 {[%clk 00:33:31]} {[%emt
00:00:18]} 34. Qxf6 {[%clk 00:18:54]} {[%emt 00:00:08]} Qe2 {[%clk 00:30:30]}
{[%emt 00:03:32]} 35. Qf8+ {[%clk 00:15:21]} {[%emt 00:04:02]} Kg5 {[%clk
00:29:11]} {[%emt 00:01:49]} 36. Qe7+ {[%clk 00:12:27]} {[%emt 00:03:24]} Kh6
{[%clk 00:29:27]} {[%emt 00:00:13]} 37. Qh4+ {[%clk 00:11:33]} {[%emt
00:01:24]} Kg7 {[%clk 00:29:38]} {[%emt 00:00:19]} 38. Qe7+ {[%clk 00:11:35]}
{[%emt 00:00:28]} Kg8 {[%clk 00:29:01]} {[%emt 00:01:06]} 39. Qe8+ {[%clk
00:10:29]} {[%emt 00:01:37]} Kg7 {[%clk 00:29:19]} {[%emt 00:00:12]} 40. Qe7+
{[%clk 00:09:50]} {[%emt 00:01:09]} Kg8 {[%clk 00:29:31]} {[%emt 00:00:18]} 41.
Qxd6 {[%clk 00:04:23]} {[%emt 00:05:57]} Qxe4+ {[%clk 00:29:48]} {[%emt
00:00:13]} 42. Kh2 {[%clk 00:00:53]} {[%emt 00:04:01]} Qe2 {[%clk 00:28:18]}
{[%emt 00:02:00]} 43. Qb8+ {[%clk 00:00:34]} {[%emt 00:00:48]} Kg7 {[%clk
00:28:11]} {[%emt 00:00:38]} 44. Qa7+ {[%clk 00:00:45]} {[%emt 00:00:20]} Kg8
{[%clk 00:28:25]} {[%emt 00:00:16]} 45. Qe3 {[%clk 00:30:27]} {[%emt 00:00:46]}
Qxe3 {[%clk 00:56:46]} {[%emt 00:02:10]} 46. fxe3 {[%clk 00:30:46]} {[%emt
00:00:12]} Kf7 {[%clk 00:57:01]} {[%emt 00:00:14]} 47. e4 {[%clk 00:30:42]}
{[%emt 00:00:34]} Ke6 {[%clk 00:57:16]} {[%emt 00:00:15]} 48. Kg2 {[%clk
00:31:01]} {[%emt 00:00:11]} Kd6 {[%clk 00:57:36]} {[%emt 00:00:09]} 49. Kf3
{[%clk 00:30:19]} {[%emt 00:01:12]} Kc5 {[%clk 00:57:38]} {[%emt 00:00:28]} 50.
Ke3 {[%clk 00:30:31]} {[%emt 00:00:19]} Kc4 {[%clk 00:58:01]} {[%emt 00:00:07]}
51. Kd2 {[%clk 00:30:46]} {[%emt 00:00:15]} Kb3 {[%clk 00:58:24]} {[%emt
00:00:07]} 52. g4 {[%clk 00:22:52]} {[%emt 00:08:24]} g5 {[%clk 00:58:38]} 0-1